[Event "ISR-chT"]
[Site "Israel"]
[Date "1996.??.??"]
[Round "10"]
[White "Gutman, Lev"]
[Black "Stisis, Yaacov"]
[Result "1/2-1/2"]
[WhiteElo "2450"]
[BlackElo "2380"]

1.Nf3 d5 2.g3 Bg4 3.Bg2 Nd7 4.O-O Ngf6 5.c3 e5 6.d4 Bd6 7.dxe5 Nxe5 8.Qb3 Nxf3+
9.exf3 Bc8 10.Bg5 Be7 11.Bxf6 Bxf6 12.Re1+ Be7 13.f4 c6 14.Qb4 g6 15.Nd2 Kf8
16.Qd4 Bf6 17.Qc5+ Kg7 18.Nf3 Qb6 19.Qa3 Bf5 20.Ne5 Rhe8 21.b3 Qc7 22.c4 dxc4
23.bxc4 Bxe5 24.fxe5 Rxe5 25.Qb2 Re8 26.Rad1 Kg8 27.Rxe5 Rxe5 28.h3 Re8 29.c5 h5
30.a3 Qe7 31.Qb4 Qe2 32.Rd2 Qe5 33.Kh2 Re7 34.Rd8+ Kh7 35.Rd2 Be6 36.Rd8 Qf6
37.Rd2 Bd5 38.Bxd5 cxd5 39.Kg2 Qe6 40.Rd4 Qe5 41.h4 Rc7 42.Kg1 Qe6 43.Qa5 Rc6
44.Rf4 a6 45.Qc3 Kg8 46.Rb4 Qe7 47.Qb2 Qxc5 48.Rxb7 Qc1+ 49.Qxc1 Rxc1+ 50.Kg2 Rc5
51.a4 Kf8 52.Kf3 Ke8 53.Kf4 Rc4+ 54.Ke5 d4 55.a5 d3 56.Rb3 f6+ 57.Kxf6 Rd4
58.Rb1 d2 59.Rd1 Rd6+ 60.Ke5 Kd7 61.f3 Kc6 62.g4 Rd8 63.Kf6 Kb5 64.Kxg6 hxg4
65.fxg4 Kxa5 66.h5 Kb4 67.h6 Kc3 68.h7 Kc2 69.Rxd2+ Kxd2 70.g5 a5 71.Kh6 a4
72.g6 a3 73.g7 a2 74.h8=Q Rd6+ 75.Kg5 Rd5+ 76.Kg4 a1=Q 77.Qh6+ Ke2 78.Qh2+ Kd3
79.g8=Q Rd4+ 80.Kh3 Qf1+ 81.Qhg2 Qf5+ 82.Kh2 Rh4+ 83.Kg1 Qc5+ 84.Qf2 Rh1+  1/2-1/2

[Event "ISR-chT"]
[Site "Israel"]
[Date "1996.??.??"]
[Round "10"]
[White "Zoler, Dan"]
[Black "Lev, Ronen"]
[Result "0-1"]
[WhiteElo "2455"]
[BlackElo "2465"]

1.Nf3 d5 2.g3 c6 3.b3 Bg4 4.Bg2 Nd7 5.Bb2 Ngf6 6.O-O e6 7.d3 Bd6 8.Nbd2 O-O
9.c4 a5 10.Qc2 a4 11.bxa4 Qa5 12.Rfb1 Rfb8 13.Bc3 Qxa4 14.Qxa4 Rxa4 15.Rb2 e5
16.cxd5 cxd5 17.Rab1 b6 18.d4 e4 19.Ne5 Bf5 20.Nxd7 Nxd7 21.Rb5 Be6 22.R1b2 Rba8
23.Nf1 Ra3 24.R2b3 Rxb3 25.axb3 Bc7 26.Rb4 Nf6 27.Ra4 Rxa4 28.bxa4 Bd7 29.Ne3 Bxa4
30.Bb4 Bd8 31.Bh3 Bc6 32.Bc8 g6 33.Kf1 h5 34.Bd6 Ne8 35.Bb4 Bf6 36.Nc2 Nc7
37.e3 h4 38.Ke2 Bd8 39.Kd2 f5 40.Na3 Kf7 41.Bd6 Ne8 42.Be5 Be7 43.Nc2 Nd6
44.Bxd6 Bxd6 45.Kc3 Kf6 46.Nb4 Ba8 47.Bd7 Bb7 48.Nc6 h3 49.Nb4 Bxb4+ 50.Kxb4 Ba6
51.Bc6 Bc4 52.Be8 Kg5 53.Bf7 Kg4 54.Bxg6 Ba6 55.Bf7 Kf3 56.Bxd5 Bc8 57.Kc3 Kg2
58.g4 fxg4 59.Bxe4+ Kxh2 60.Kd2 Kg1 61.Ke1 h2 62.d5 b5 63.d6 b4  0-1

[Event "Italy op"]
[Site "Italy"]
[Date "1996.??.??"]
[Round "5"]
[White "Corvi, Marco"]
[Black "Marzano, Carlo"]
[Result "1/2-1/2"]
[WhiteElo "2215"]
[BlackElo "2160"]

1.Nf3 d5 2.g3 c6 3.Bg2 Bg4 4.d4 e6 5.O-O Nd7 6.b3 Bd6 7.Bb2 f5 8.c4 Ngf6
9.Nbd2 O-O 10.Ne5 Bh5 11.Ndf3 Ne4 12.Nxd7 Qxd7 13.Ne5 Qe7 14.Qc2 Rac8 15.f3 Nf6
16.c5 Bb8 17.Nd3 g5 18.Qd2 h6 19.Rae1 Bg6 20.f4 Ne4 21.Qe3 Rf7 22.Bxe4 fxe4
23.Ne5 Bxe5 24.dxe5 Rcf8 25.fxg5 Qxg5 26.Qxg5 hxg5 27.Rxf7 Rxf7 28.h3 Rg7
29.Rf1 g4 30.hxg4 Bf7 31.Rf4 Rg5 32.Kg2 Be8 33.Kh3 Rg6 34.Bc1 Rg5 35.Rf6 Rg6
36.Rf1 Rg7 37.Bh6 Rf7 38.Bf4 Kh7 39.Kg2 Kg6 40.Rh1 Rh7 41.Rh4 d4 42.Kf2 Kg7
43.Bg5 Bg6 44.Be7 Kg8 45.Bf6 Kf8 46.Rxh7 Bxh7 47.Bg5 Kf7 48.Bc1 Bg6 49.Bb2 d3
50.Bc3 Kg7 51.Bd2 Bh7 52.exd3 exd3 53.Ke3 Bg6 54.Ba5 Bh7 55.Bc7 Kh6 56.Bd8 Kg7
57.Be7 Bg6 58.Bd6 Kh6 59.Be7 Kh7 60.g5 Kg8 61.Bd6 Kf7 62.Bb8 a6 63.Bc7 Ke8
64.Ba5 Kd7  1/2-1/2

[Event "Italy op"]
[Site "Italy"]
[Date "1996.??.??"]
[Round "7"]
[White "Corvi, Marco"]
[Black "Colombo, Paolo"]
[Result "0-1"]
[WhiteElo "2215"]
[BlackElo "2170"]

1.Nf3 d5 2.g3 Nf6 3.Bg2 g6 4.O-O Bg7 5.d4 O-O 6.b3 c5 7.Bb2 cxd4 8.Nxd4 Ne8
9.e3 Qd7 10.a4 Nc6 11.Nd2 Nc7 12.N2f3 b6 13.Qc1 Nxd4 14.Nxd4 Ba6 15.Rd1 Rac8
16.Nb5 Bxb5 17.Bxg7 Kxg7 18.axb5 Nxb5 19.Rxd5 Nd6 20.Ra4 Rc7 21.Rh4 Qe6 22.c4 f6
23.Qe1 Qc8 24.Bh3 f5 25.Qa1+ Rf6 26.e4 Nxe4 27.Rxe4 e6 28.Rde5 fxe4 29.Rxe6 Qd8
30.Rxe4 Re7 31.Rf4 Qd6 32.Bg2 Qe5 33.Qxe5 Rxe5 34.Rd4 Re1+ 35.Bf1 Rf3 36.b4 Rb3
37.Kg2 Ra1 38.Be2 Rxb4 39.Rd7+ Kf6 40.Rxh7 Ra2 41.Bd3 Rbb2 42.h4 Rxf2+ 43.Kh3 Rf3  0-1

[Event "Academia Cup"]
[Site "Italy"]
[Date "1996.??.??"]
[Round "8"]
[White "Scacco, Mauro"]
[Black "Tommasini, Enzo"]
[Result "0-1"]
[WhiteElo "2055"]
[BlackElo "2075"]

1.Nf3 d5 2.g3 g6 3.Bg2 Bg7 4.d3 c5 5.O-O Nc6 6.Nbd2 e6 7.e4 Nge7 8.Re1 h6
9.c3 b6 10.Nf1 O-O 11.e5 a5 12.h4 Ba6 13.Bf4 Ra7 14.N3h2 Kh7 15.Qd2 b5 16.Ng4 Ng8
17.Nfh2 h5 18.Bg5 Qc7 19.Nf6+ Bxf6 20.Bxf6 b4 21.g4 bxc3 22.bxc3 Nxf6 23.exf6 Ne5
24.gxh5 Rg8 25.d4 Nd3 26.Re3 Nf4 27.Re5 g5 28.hxg5 Nxh5 29.Ng4 cxd4 30.g6+ Rxg6
31.Rxh5+ Kg8 32.Nh6+ Kf8 33.cxd4 Rb7 34.Ng4 Rg8 35.Ne5 Qb8 36.Rh7 Rb1+ 37.Kh2 Ke8
38.Rxb1 Qxb1 39.Nxf7 Qxh7+  0-1

[Event "Jakarta"]
[Site "Jakarta"]
[Date "1996.??.??"]
[Round "?"]
[White "Hickl, Joerg"]
[Black "Gunawan, Ronny"]
[Result "1/2-1/2"]
[WhiteElo "2600"]
[BlackElo "2425"]

1.g3 d5 2.Nf3 Nf6 3.Bg2 c6 4.b3 Bg4 5.Bb2 e6 6.d3 Bd6 7.O-O O-O 8.Nbd2 Nbd7
9.h3 Bh5 10.c4 Qe7 11.a3 a5 12.Qc2 Rfd8 13.e4 dxe4 14.dxe4 Bxf3 15.Nxf3 e5
16.Rfe1 Ne8 17.h4 Nc7 18.Bh3 Ne6 19.Kg2 b6 20.Red1 f6 21.h5 Ndf8 22.Nh4 g6
23.hxg6 hxg6 24.Rd2 Ng5 25.Rad1 Bc5 26.Rxd8 Rxd8 27.Rxd8 Qxd8 28.Bg4 Qd6
29.a4 Kf7 30.Qe2 Nge6 31.Bxe6+ Nxe6 32.Qg4 Nf8 33.Qe2 Ne6 34.Qg4 Nf8 35.Qe2 Ne6  1/2-1/2

[Event "Jakarta m2 rapid"]
[Site "Jakarta"]
[Date "1996.??.??"]
[Round "1"]
[White "Tkachiev, Vladislav"]
[Black "Handoko, Edhi"]
[Result "0-1"]
[WhiteElo "2600"]
[BlackElo "2480"]

1.Nf3 d5 2.g3 Nf6 3.Bg2 e6 4.O-O c5 5.d3 Nc6 6.Nbd2 Be7 7.e4 O-O 8.Re1 dxe4
9.dxe4 e5 10.c3 h6 11.Nc4 Qxd1 12.Rxd1 Bg4 13.h3 Bxf3 14.Bxf3 Rfd8 15.Rxd8+ Rxd8
16.a4 b6 17.Kf1 Bf8 18.Ke2 Ne8 19.Be3 Nd6 20.Na3 Nb7 21.Rd1 Rxd1 22.Kxd1 Nd6
23.b3 f6 24.h4 Kf7 25.Kc2 Ke7 26.h5 Kd8 27.Bg2 Kc7 28.f3 Nd8 29.Bf1 Ne6 30.Nb5+ Nxb5
31.Bxb5 Ng5 32.Be2 Nf7 33.Bc4 Ng5 34.Be2 Nf7 35.Kd2 Nd6 36.Bf1 Be7 37.Bh3 Nb7
38.Be6 Nd6 39.Kd3 Kc6 40.f4 Bd8 41.b4 cxb4 42.cxb4 Bc7 43.b5+ Kb7 44.fxe5 fxe5
45.Ke2 Bd8 46.Kf3 Kc7 47.Bd5 Bf6 48.Bd2 Kd7 49.Bc6+ Ke7 50.g4 Ne8 51.g5 hxg5
52.Kg4 Kf8 53.Bxg5 Ke7 54.Kf5 Bxg5 55.Kxg5 Nf6 56.Kg6 Ke6 57.Bb7 Kd6  0-1

[Event "Jakarta Gunadarma"]
[Site "Jakarta"]
[Date "1996.??.??"]
[Round "6"]
[White "Ftacnik, Lubomir"]
[Black "Adianto, Utut"]
[Result "0-1"]
[WhiteElo "2610"]
[BlackElo "2605"]

1.Nf3 d5 2.g3 c6 3.Bg2 Bg4 4.b3 Nd7 5.Bb2 Ngf6 6.d3 e6 7.Nbd2 Bd6 8.O-O O-O
9.h3 Bh5 10.e4 e5 11.Qe1 Re8 12.Nh4 Qb6 13.Nf5 Bf8 14.Kh1 Rad8 15.Ne3 Bg6
16.g4 Nc5 17.Rb1 dxe4 18.Nxe4 Ncxe4 19.dxe4 Bb4 20.c3 Bc5 21.Nf5 Qa6 22.a3 h5
23.g5 Nd5 24.b4 Bf8 25.exd5 Bxf5 26.dxc6 Bxb1 27.Qxb1 e4 28.cxb7 Qxb7 29.c4 a5
30.Bc3 Qc8 31.c5 Rd3 32.Qc1 e3 33.fxe3 Rexe3 34.Be1 Rxh3+ 35.Kg1 Bd6 36.Bxh3 Qxh3
37.Qb2 Rd4 38.Rf2 Rg4+ 39.Rg2 Qh2+  0-1

[Event "Jakarta Gunadarma"]
[Site "Jakarta"]
[Date "1996.??.??"]
[Round "9"]
[White "Hickl, Joerg"]
[Black "Liu Dede"]
[Result "0-1"]
[WhiteElo "2600"]
[BlackElo "2405"]

1.g3 d5 2.Nf3 c6 3.Bg2 Bg4 4.b3 Nd7 5.Bb2 Ngf6 6.d3 e6 7.O-O Bd6 8.Nbd2 O-O
9.Qe1 Re8 10.h3 Bh5 11.e4 e5 12.Nh4 Qb6 13.Nf5 Bf8 14.Kh2 Rad8 15.a3 Nc5
16.Rb1 Bg6 17.Nh4 dxe4 18.dxe4 Qc7 19.Nxg6 hxg6 20.Rd1 Rd7 21.Qe2 b5 22.b4 Na4
23.Ba1 a5 24.c3 Red8 25.Nb3 axb4 26.cxb4 Nb6 27.Rxd7 Qxd7 28.Na5 c5 29.bxc5 Bxc5
30.Bxe5 Qd3 31.Qa2 Nxe4 32.Nb3 Nc4 33.Nxc5 Nxc5 34.Bf4 Qxa3 35.Qe2 Ne6 36.Bc1 Qd3
37.Qxd3 Rxd3 38.Re1 b4 39.Bf1 Rc3 40.Bf4 Nxf4 41.Re8+ Kh7 42.gxf4 Nd2 43.Be2 Nf3+
44.Kg2 Nd4 45.Bg4 b3 46.Rb8 f5  0-1

[Event "ISR-ch"]
[Site "Jerusalem"]
[Date "1996.??.??"]
[Round "2"]
[White "Tseitlin, Mark D"]
[Black "Mikhalevski, Alexander"]
[Result "1/2-1/2"]
[WhiteElo "2540"]
[BlackElo "2460"]

1.Nf3 d5 2.g3 Nf6 3.Bg2 e6 4.O-O Be7 5.d3 O-O 6.Nbd2 Nc6 7.e4 dxe4 8.dxe4 e5
9.b3 Re8 10.Bb2 Bc5 11.a3 a5 12.Nc4 Qxd1 13.Raxd1 Bg4 14.Rd3 Bxf3 15.Bxf3 b5
16.Ne3 Nd4 17.Kg2 a4 18.b4 Bb6 19.c4 c5 20.bxc5 Bxc5 21.cxb5 Nxb5 22.Nd5 Rab8
23.Nxf6+ gxf6 24.Bd1 Red8 25.Rxd8+ Rxd8 26.Bxa4 Bxa3 27.Ba1 Nd4 28.Rb1 Ra8
29.Bd1 Bc5 30.Bc3 Ne6 31.Rb7 Ra7 32.Rb8+ Kg7 33.Bb3 Bd4 34.Bb4 Nc5 35.Bd5 Nd7
36.Rb5 Rc7 37.h4 Nc5 38.Rb8 Nd7 39.Rd8 Nc5 40.Ra8 Ne6 41.Ra2 Ra7 42.Rc2 Rc7
43.Re2 Bc3 44.Bd6 Rd7 45.Ba3 Ra7 46.Bc1 Nd4 47.Re3 Bb4 48.Rd3 Rc7 49.Rd1 Ne2
50.Be3 Nc3 51.Ra1 Bc5 52.Bd2 Bd4 53.Ra8 f5 54.Ra6 h5 55.Bxc3 Rxc3 56.exf5 Rc2
57.f6+ Kh6 58.Bxf7 Rxf2+ 59.Kh3 e4 60.Bxh5 Rxf6 61.Ra4 Kxh5 62.Rxd4 Re6 63.Rd2 Kg6
64.Kg4 Re8 65.Re2 Re7 66.Re3 Re8 67.Kf4 Rf8+ 68.Kg4 Re8 69.Re2 Re7 70.Re3  1/2-1/2

[Event "ISR-ch"]
[Site "Jerusalem"]
[Date "1996.??.??"]
[Round "4"]
[White "Tseitlin, Mark D"]
[Black "Nor, Igal"]
[Result "0-1"]
[WhiteElo "2540"]
[BlackElo "2295"]

1.Nf3 d5 2.g3 c5 3.Bg2 Nc6 4.d4 Nf6 5.O-O e6 6.c4 Be7 7.cxd5 exd5 8.Nc3 O-O
9.Bg5 cxd4 10.Nxd4 h6 11.Be3 Re8 12.Rc1 Bg4 13.h3 Be6 14.Nxe6 fxe6 15.Na4 Bd6
16.Nc5 Qe7 17.Qa4 Rac8 18.Qb5 Ne5 19.Bd4 Rc7 20.Nd3 a6 21.Qb3 Nc4 22.Rfd1 b5
23.Nf4 Qf7 24.Bxf6 Bxf4 25.gxf4 Qxf6 26.e3 Ree7 27.Rb1 Rf7 28.Qb4 g5 29.Rd4 Qg6
30.f5 Qxf5 31.Rf1 Ne5 32.Qd6 Rc2 33.f4 Nc4 34.e4 Nxd6 35.exf5 Nxf5 36.Rd3 gxf4
37.Rxf4 Rg7 38.Rg4 Rxb2 39.Ra3 d4 40.Rxa6 d3 41.Bf3 d2 42.Rxe6 Nd4 43.Re8+ Kf7
44.Rxg7+ Kxg7 45.Bh5 Rxa2 46.Re7+ Kf6 47.Rf7+ Kg5 48.Bd1 Ra1 49.Rf1 b4 50.h4+ Kxh4
51.Kf2 b3 52.Ke3 b2 53.Kf4 Ne6+  0-1

[Event "ISR-ch (Women)"]
[Site "Jerusalem"]
[Date "1996.??.??"]
[Round "8"]
[White "Tsifanskaya, Ludmila A"]
[Black "Srumin, Galina"]
[Result "1/2-1/2"]
[WhiteElo "2230"]
[BlackElo "2095"]

1.Nf3 d5 2.g3 Nf6 3.Bg2 Bf5 4.d3 e6 5.Nbd2 h6 6.O-O Be7 7.b3 O-O 8.Bb2 c5
9.e3 Nc6 10.Qe2 Re8 11.Ne1 Qd6 12.f4 Rad8 13.h3 Bg6 14.Ndf3 Qc7 15.Ne5 Nxe5
16.Bxe5 Qb6 17.Nf3 Nd7 18.c4 dxc4 19.bxc4 Bxd3 20.Qxd3 Nxe5 21.Qe4 Nxf3+
22.Bxf3 Rd7  1/2-1/2

[Event "Jyvaskyla op2"]
[Site "Jyvaskyla"]
[Date "1996.??.??"]
[Round "2"]
[White "Kochyev, Alexander"]
[Black "Kilpi, Teemu"]
[Result "1-0"]
[WhiteElo "2430"]
[BlackElo "2200"]

1.Nf3 d5 2.g3 c5 3.Bg2 Nc6 4.d4 e6 5.O-O Nf6 6.c4 dxc4 7.Qa4 cxd4 8.Nxd4 Qxd4
9.Bxc6+ Bd7 10.Rd1 Qxd1+ 11.Qxd1 Bxc6 12.Nd2 b5 13.a4 a6 14.axb5 Bxb5 15.Qc2 Rc8
16.Rxa6 Bxa6 17.Qa4+ Nd7 18.Qxa6 Rd8 19.Nxc4 Be7 20.Na5 Nb8 21.Qb5+ Kf8 22.Bf4 Nd7
23.Bc7  1-0

[Event "Jyvaskyla op2"]
[Site "Jyvaskyla"]
[Date "1996.??.??"]
[Round "2"]
[White "Ivanov, Mikhail M"]
[Black "Hintikka, Eero"]
[Result "1-0"]
[WhiteElo "2375"]
[BlackElo "2170"]

1.Nf3 d5 2.g3 g6 3.Bg2 Bg7 4.d4 Nf6 5.c4 c6 6.Qb3 O-O 7.O-O Qb6 8.Nc3 e6
9.c5 Qxb3 10.axb3 Na6 11.Bf4 Nd7 12.e4 b6 13.exd5 exd5 14.b4 Nxb4 15.cxb6 Na6
16.bxa7 Rxa7 17.Rfe1 Rd8 18.Bf1 Ra8 19.b4 Bb7 20.b5 Nb4 21.Rxa8 Bxa8 22.Bc7 Rc8
23.b6 Nc2 24.Re7 Nxd4 25.Nxd4 Bxd4 26.Ba6 Rf8 27.Rxd7 Bxc3 28.b7 Bxb7 29.Bxb7 Re8
30.Bxc6 Re1+ 31.Kg2 d4 32.Bd5  1-0

[Event "Jyvaskyla op2"]
[Site "Jyvaskyla"]
[Date "1996.??.??"]
[Round "7"]
[White "Sepp, Olav"]
[Black "Bagirov, Vladimir"]
[Result "1/2-1/2"]
[WhiteElo "2440"]
[BlackElo "2515"]

1.Nf3 d5 2.g3 Bg4 3.Bg2 Nd7 4.c4 e6 5.Qa4 c6 6.cxd5 Bxf3 7.Bxf3 exd5 8.O-O Ngf6
9.Nc3 Nc5 10.Qc2 Ne6 11.Bg2 Bc5 12.e3 O-O 13.d4 Bd6 14.Rb1 a5 15.Bd2 Qe7
16.a3 Ra6 17.Rfc1 Rd8 18.Be1 h5 19.h4 g6 20.Bf1 Ra7 21.Rd1 Bb8 22.Bg2 Ra8
23.Rd2 Ba7 24.Rbd1 Rd7 25.Qa4 Qd8 26.Rd3 b5 27.Qc2 Rc8 28.Rc1 Rdc7 29.Bh3 Qe7
30.Rdd1 Ng4 31.Qe2 f5 32.Qd3 Bb6 33.Bg2 Nf6 34.Rc2 Kh7 35.Rdc1 Qd6 36.Kh1 Re8
37.Ne2 Kg7 38.Ng1 Ng4  1/2-1/2

[Event "IND-ch"]
[Site "Kasaragod"]
[Date "1996.??.??"]
[Round "13"]
[White "Kunte, Abhijit"]
[Black "Chatterjee, Laltu"]
[Result "1/2-1/2"]
[WhiteElo "2345"]
[BlackElo "2240"]

1.Nf3 d5 2.g3 c6 3.Bg2 Bf5 4.O-O Nf6 5.b3 Qc8 6.Bb2 Bh3 7.c4 Bxg2 8.Kxg2 e6
9.d3 Be7 10.Nc3 Nbd7 11.Rc1 dxc4 12.bxc4 Qc7 13.d4 Rd8 14.e4 h5 15.e5 Ng4
16.Qe2 Qa5 17.d5 Ba3 18.Bxa3 Qxa3 19.Rfe1 Nc5 20.h3 Nh6 21.Ne4 Nxe4 22.Qxe4 exd5
23.cxd5 Rxd5 24.Rcd1 Qc5 25.e6 O-O 26.e7 Re8 27.Ng5 Nf5 28.Qf3 Rxd1 29.Qxh5 Nh6
30.Rxd1 Qxe7 31.Rd4 Qc5 32.Rd7 Qf5 33.Rxb7 c5 34.h4 Rc8 35.Qe2 Qd5+ 36.Qf3 Qxf3+
37.Nxf3 c4 38.Nd4 Rd8 39.Nf3 Rc8 40.Ne1 Nf5 41.Rxa7 Rd8 42.Rc7 Rd2 43.a4 Ra2
44.a5 Rxa5 45.Rxc4 g6 46.Nf3 Ra3 47.Re4 Nd6 48.Re1 Kg7 49.Ng5 Nf5 50.Rb1 Ra7
51.Rb5 Nd6 52.Rd5 Nf5 53.g4 Nh6 54.f3 Ng8 55.Kg3 Nf6 56.Rb5 Nh7 57.Ne4 Nf6
58.Rb6 Nxe4+ 59.fxe4 Ra1 60.e5 Re1 61.e6 fxe6 62.Kf4 Kf6 63.g5+ Kf7 64.Rb7+ Kf8
65.Rb5 Rf1+ 66.Ke4 Re1+ 67.Kd4 Ke7 68.Rb4 Kd6 69.Rb7 Rh1 70.Rh7 e5+ 71.Ke4  1/2-1/2

[Event "JUG-ch sf"]
[Site "Kladovo"]
[Date "1996.??.??"]
[Round "?"]
[White "Marinkovic, Ivan"]
[Black "Carnic, Srdjan"]
[Result "1-0"]
[WhiteElo "2490"]
[BlackElo "2310"]

1.Nf3 d5 2.g3 Bg4 3.Bg2 c6 4.b3 Nd7 5.Bb2 Qc7 6.c4 dxc4 7.bxc4 e5 8.O-O Ngf6
9.h3 Bh5 10.Nh4 Bc5 11.d3 O-O 12.Qc2 Rfe8 13.e3 Rad8 14.Nd2 Bb4 15.g4 Bg6
16.Nxg6 hxg6 17.Rfd1 Nh7 18.Nf1 Be7 19.Rab1 f5 20.Ba1 Rf8 21.Qb2 b6 22.Qe2 f4
23.Nh2 Ng5 24.h4 Nh7 25.g5 Rf7 26.Qg4 Bd6 27.Be4 Nhf8 28.Qg2 Nc5 29.Bxc6 f3
30.Bxf3 e4 31.Bxe4 Nxe4 32.dxe4 Bxh2+ 33.Qxh2 Rxd1+ 34.Rxd1 Qxc4 35.f4 Qxe4
36.Bd4 Rc7 37.Qg2 Qxg2+ 38.Kxg2 Rc2+ 39.Kf3 Rxa2 40.Rc1 Ne6 41.Rc8+ Kf7 42.Be5 Rd2
43.Ra8 Rd7 44.e4 Nd8 45.Rc8 Ne6 46.f5 Nf8 47.Rc6 gxf5 48.exf5 Rd5 49.Ke4 Rc5
50.g6+ Kg8 51.Rxc5 bxc5 52.Kd5 Nd7 53.Bc3 a6  1-0

[Event "Klatovy op"]
[Site "Klatovy"]
[Date "1996.??.??"]
[Round "?"]
[White "Stluka, Petr"]
[Black "Jurek, Josef"]
[Result "0-1"]
[WhiteElo "2295"]
[BlackElo "2345"]

1.Nf3 d5 2.g3 c6 3.Bg2 Bg4 4.b3 e6 5.Bb2 Nd7 6.O-O Ngf6 7.d3 Bc5 8.Nbd2 O-O
9.c4 a5 10.Qc2 Qe7 11.h3 Bh5 12.e4 dxe4 13.dxe4 Bxf3 14.Nxf3 e5 15.a3 Rfd8
16.Rfd1 Ne8 17.Bc3 Bxa3 18.Nxe5 Nxe5 19.Bxe5 Rxd1+ 20.Qxd1 Rd8 21.Qc2 Qxe5
22.Rxa3 Nc7 23.c5 Ne6 24.Rxa5 b6 25.Ra6 bxc5 26.Kh2 g5 27.Rxc6 h5 28.Qc4 h4
29.b4 Rd2 30.Qb3 Rxf2 31.Qe3 Qb2  0-1

[Event "Koszalin op"]
[Site "Koszalin"]
[Date "1996.??.??"]
[Round "3"]
[White "Ribli, Zoltan"]
[Black "Shurygin, Sergey"]
[Result "1-0"]
[WhiteElo "2590"]
[BlackElo "2395"]

1.Nf3 d5 2.g3 c6 3.Bg2 Bg4 4.O-O Nd7 5.d4 e6 6.Nbd2 Ngf6 7.Re1 Bd6 8.e4 Nxe4
9.Nxe4 dxe4 10.Rxe4 Bh5 11.c3 O-O 12.Qb3 Qb6 13.Nd2 Bg6 14.Re1 Qxb3 15.axb3 Bc7
16.Nc4 Nb6 17.Na5 Rab8 18.b4 Bd3 19.Nb3 a6 20.Nc5 Bf5 21.b3 Rfd8 22.Ra2 e5
23.dxe5 Bxe5 24.Nxb7 Rxb7 25.Rxe5 Rd1+ 26.Bf1 Be6 27.Be3 Nd7 28.Rea5 Bxb3
29.Ra1 Rxa1 30.Rxa1 Ne5 31.Rxa6 f6 32.Bg2 Rd7 33.Bd4 Bc4 34.Ra8+ Kf7 35.f4 Nd3
36.Bxc6 Rd6 37.Ra7+ Kg6 38.b5  1-0

[Event "Koszalin op"]
[Site "Koszalin"]
[Date "1996.??.??"]
[Round "6"]
[White "Skalik, Przemyslaw"]
[Black "Grabarczyk, Miroslaw"]
[Result "1-0"]
[WhiteElo "2335"]
[BlackElo "2505"]

1.Nf3 d5 2.g3 Nf6 3.Bg2 g6 4.O-O Bg7 5.d4 O-O 6.c4 c6 7.b3 Bf5 8.Bb2 Nbd7
9.Nc3 Ne4 10.Rc1 Nxc3 11.Bxc3 Be4 12.Qd2 a5 13.e3 a4 14.Bb4 Re8 15.Rfd1 Qb6
16.cxd5 Bxd5 17.bxa4 Rxa4 18.a3 Raa8 19.Qc2 Nf6 20.Ne5 Bxg2 21.Kxg2 Qd8 22.e4 Nd7
23.Nxd7 Qxd7 24.d5 cxd5 25.Rxd5 Qe6 26.Qd3 Be5 27.Rcc5 Bd6 28.Rb5 Bxb4 29.axb4 b6
30.Qd4 Ra6 31.Rd7 Rb8 32.Re5 Qb3 33.Rexe7 Rf8 34.Qf6 Ra2 35.Rb7 Re2 36.Qf3 Qc4
37.Rbc7 Qa2 38.e5 Rd2 39.e6 Qd5 40.Rxf7  1-0

[Event "La Coruna op"]
[Site "La Coruna"]
[Date "1996.??.??"]
[Round "?"]
[White "Diaz Nunez, Adolfo"]
[Black "Frois, Antonio"]
[Result "0-1"]
[WhiteElo "2105"]
[BlackElo "2380"]

1.Nf3 d5 2.g3 c6 3.Bg2 Nf6 4.O-O Bg4 5.b3 Nbd7 6.Bb2 e6 7.d3 Be7 8.Nbd2 a5
9.a3 O-O 10.c4 Re8 11.Qc2 Bf8 12.h3 Bh5 13.g4 Bg6 14.Nh4 e5 15.Nxg6 hxg6
16.e4 dxe4 17.Nxe4 Nxe4 18.Bxe4 Nc5 19.Bc1 Ne6 20.Be3 Bc5 21.b4 Bd4 22.Rab1 axb4
23.axb4 Ra3 24.b5 Qd6 25.Qe2 Rea8 26.bxc6 bxc6 27.Qf3 Bxe3 28.fxe3 Ng5 29.Qg3 Nxe4
30.dxe4 Qc5 31.Qf2 Rf8 32.Rbe1 Qxc4 33.Qf3 Rc3 34.Rf2 Rc1 35.Rxc1 Qxc1+ 36.Kg2 Qc4
37.g5 Ra8 38.h4 Ra4 39.h5 gxh5 40.g6 fxg6  0-1

[Event "Laguna olm blind"]
[Site "Laguna"]
[Date "1996.??.??"]
[Round "3"]
[White "Muri, Emil"]
[Black "Zoltek, Tadeusz"]
[Result "1-0"]
[WhiteElo "2080"]
[BlackElo "2290"]

1.Nf3 d5 2.g3 Nf6 3.Bg2 c6 4.d3 Bf5 5.Nbd2 e6 6.O-O Nbd7 7.Re1 Be7 8.e4 Bg4
9.h3 Bh5 10.e5 Ng8 11.d4 g5 12.c3 Bg6 13.a4 h5 14.Nh2 Nh6 15.a5 Nf5 16.b4 Nf8
17.Nb3 Qc7 18.Nc5 a6 19.Nf1 O-O-O 20.Ne3 Ng7 21.Nc2 Nd7 22.Ra2 Rdg8 23.Qe2 Re8
24.Be3 Nf5 25.Rea1 Bd8 26.c4 Nxe3 27.Nxe3 Be7 28.Nxd7 Qxd7 29.b5 axb5 30.cxd5 cxd5
31.Nxd5 Kb8 32.Rc1 Bd8 33.Qf3 Ka7 34.Nc7  1-0

[Event "Pfalz-chB"]
[Site "Landau"]
[Date "1996.??.??"]
[Round "?"]
[White "Nazarenus, Olaf"]
[Black "Hoegerl, Gerd"]
[Result "1/2-1/2"]
[WhiteElo "2165"]
[BlackElo "2270"]

1.Nf3 d5 2.g3 c5 3.Bg2 Nc6 4.O-O e6 5.d4 Nf6 6.c3 Be7 7.dxc5 Bxc5 8.Bg5 h6
9.Bxf6 Qxf6 10.Nbd2 O-O 11.e4 Bb6 12.exd5 exd5 13.Nb3 Bg4 14.Qxd5 Rad8 15.Qe4 Bf5
16.Qa4 Rfe8 17.Rfe1 Rxe1+ 18.Rxe1 Bc2 19.Qf4 Qxf4 20.gxf4 a5 21.Re2 Rd1+
22.Bf1 Bb1 23.a3 Bf5 24.Re1 Rd6 25.Nbd2 Rg6+ 26.Bg2  1/2-1/2

[Event "Las Palmas op"]
[Site "Las Palmas"]
[Date "1996.??.??"]
[Round "8"]
[White "Miles, Anthony J"]
[Black "Estremera Panos, Sergio"]
[Result "1-0"]
[WhiteElo "2630"]
[BlackElo "2355"]

1.g3 d5 2.Nf3 c6 3.Bg2 Bg4 4.b3 Nd7 5.Bb2 Ngf6 6.O-O e6 7.d3 a5 8.a3 Bc5
9.Nbd2 O-O 10.h3 Bh5 11.e4 dxe4 12.dxe4 Bxf3 13.Qxf3 e5 14.Nc4 Re8 15.Rfd1 Qc7
16.Rd2 b5 17.Ne3 Bf8 18.Ng4 Nxg4 19.hxg4 Nc5 20.Rad1 Re7 21.g5 Rd7 22.Rxd7 Nxd7
23.Bh3 Nb6 24.Kg2 a4 25.b4 Bd6 26.Bc1 Nc4 27.Qh5 Rd8 28.Rh1 g6 29.Qh4 Bf8
30.Bg4 h6 31.gxh6 Kh7 32.Be2 Rd4 33.Qf6 Rd6 34.Qf3 Rd4 35.Bxc4 Rxc4 36.Bb2 Rxc2
37.Bxe5 Qe7 38.Bd6  1-0

[Event "Las Palmas op"]
[Site "Las Palmas"]
[Date "1996.??.??"]
[Round "8"]
[White "Pigusov, Evgeny"]
[Black "Rausis, Igors"]
[Result "1/2-1/2"]
[WhiteElo "2570"]
[BlackElo "2495"]

1.Nf3 d5 2.g3 Nf6 3.Bg2 e6 4.c4 Be7 5.O-O O-O 6.d4 dxc4 7.Qc2 a6 8.a4 Bd7
9.Ne5 Bc6 10.Nxc6 Nxc6 11.e3 Na5 12.Nd2 c5 13.dxc5 Rc8 14.b4 cxb3 15.Nxb3 Nxb3
16.Qxb3 Nd7 17.c6 bxc6 18.a5 Rb8 19.Qc2 Nc5 20.Ra2 Nd3 21.Bd2 c5 22.Rd1 c4
23.Bc3 Qc8 24.Ra4 Rd8 25.Bf1 Nb4 26.Rxd8+ Qxd8 27.Bxb4 Bxb4 28.Qxc4 Bxa5
29.Qxa6 Bc3 30.h4 g6 31.Qc6 Rc8 32.Qa6 Rb8 33.Qc6 Rc8 34.Qf3 h5 35.Ra7 Qf6
36.Qxf6  1/2-1/2

[Event "CUB-ch"]
[Site "Las Tunas"]
[Date "1996.??.??"]
[Round "10"]
[White "Nogueiras, Jesus"]
[Black "Arencibia, Walter"]
[Result "0-1"]
[WhiteElo "2535"]
[BlackElo "2555"]

1.Nf3 d5 2.g3 Nc6 3.d4 Bf5 4.a3 Qd7 5.c4 e6 6.Nc3 dxc4 7.Bg2 Nf6 8.O-O Be7
9.Qa4 Nd5 10.Qxc4 Na5 11.Qa2 Nxc3 12.bxc3 Qa4 13.Nd2 Bc2 14.Bb2 O-O 15.Rac1 Rad8
16.c4 Bb3 17.Nxb3 Nxb3 18.Rcd1 c5 19.dxc5 Nd2 20.Rfe1 Nf3+  0-1

[Event "Laukaa op"]
[Site "Laukaa"]
[Date "1996.??.??"]
[Round "4"]
[White "Jouhki, Yrjo Markus"]
[Black "Norri, Joose"]
[Result "1/2-1/2"]
[WhiteElo "2245"]
[BlackElo "2365"]

1.Nf3 d5 2.g3 c6 3.Bg2 Bg4 4.b3 Nf6 5.Bb2 e6 6.c4 Be7 7.O-O O-O 8.d4 a5 9.a3 h6
10.Nbd2 Nbd7  1/2-1/2

[Event "Lazne Bohdanec-B"]
[Site "Lazne Bohdanec"]
[Date "1996.??.??"]
[Round "2"]
[White "Mojzis, Jaroslav"]
[Black "Trichkov, Vasil"]
[Result "1-0"]
[WhiteElo "2220"]
[BlackElo "2415"]

1.Nf3 d5 2.g3 Nf6 3.Bg2 c5 4.O-O Nc6 5.d4 Bf5 6.c4 dxc4 7.Qa4 cxd4 8.Nxd4 Qxd4
9.Bxc6+ Bd7 10.Rd1 Qxd1+ 11.Qxd1 Bxc6 12.Qc2 b5 13.a4 e6 14.axb5 Bxb5 15.Nc3 Bc6
16.Ra6 Bd7 17.Bg5 Be7 18.Ne4 Bb5 19.Bxf6 gxf6 20.Nd6+ Bxd6 21.Rxd6 O-O 22.Rd4 f5
23.Qd2 f6 24.h3 Rae8 25.g4 fxg4 26.hxg4 a6 27.f3 Re7 28.Kf2 e5 29.Rd6 e4
30.Qd5+ Kg7 31.g5 e3+ 32.Kf1 f5 33.Qd4+ Kg8 34.g6 hxg6 35.Rxg6+ Kf7 36.Qd6 Ke8
37.Qd5 f4 38.Rb6 Rd7 39.Rb8+ Ke7 40.Qe5+ Kf7 41.Qf5+  1-0

[Event "Lazne Bohdanec-B"]
[Site "Lazne Bohdanec"]
[Date "1996.??.??"]
[Round "4"]
[White "Mojzis, Jaroslav"]
[Black "Hlavnicka, Jiri"]
[Result "1/2-1/2"]
[WhiteElo "2220"]
[BlackElo "2210"]

1.Nf3 d5 2.g3 Nf6 3.Bg2 e6 4.O-O Be7 5.c4 O-O 6.d4 dxc4 7.Qc2 a6 8.a4 Bd7
9.Qxc4 Bc6 10.Bg5 a5 11.Nc3 Na6 12.Rfd1 Bd5 13.Qd3 Nb4 14.Qb1 h6 15.Bc1 Bb3
16.Rd2 c6 17.e4 Qb6 18.Bf1 Rfd8 19.e5 Nfd5 20.Ra3 Na6 21.Ra1 Ndb4 22.Qe4 c5
23.Ra3 Bc2 24.Rxc2 cxd4 25.Rd2  1/2-1/2

[Event "Lazne Bohdanec-B"]
[Site "Lazne Bohdanec"]
[Date "1996.??.??"]
[Round "8"]
[White "Mojzis, Jaroslav"]
[Black "Pokorny, Tomas"]
[Result "0-1"]
[WhiteElo "2220"]
[BlackElo "2285"]

1.Nf3 d5 2.g3 c5 3.Bg2 Nc6 4.d4 Nf6 5.O-O e6 6.c4 dxc4 7.Qa4 Bd7 8.dxc5 Na5
9.Qc2 Bxc5 10.Ne5 Rc8 11.Bg5 h6 12.Bxf6 gxf6 13.Nxd7 Qxd7 14.Rd1 Qc7 15.Qa4+ Ke7
16.b4 cxb3 17.axb3 Nc6 18.Nc3 Rhd8 19.Ne4 Bb4 20.Nxf6 Bc3 21.Ne4 Bxa1 22.Qa3+ Ke8
23.Rxa1 Qe7 24.Qb2 Nd4 25.e3 Rc2 26.Qxd4 Rxd4 27.exd4 b6 28.g4 a5 29.h3 Qc7  0-1